| 000 | 01489nam a2200277Ia 4500 | ||
|---|---|---|---|
| 999 |
_c51504 _d51504 |
||
| 001 | 18493 | ||
| 003 | GE_BSU | ||
| 005 | 20250508110750.0 | ||
| 008 | 181216s2010||||ge |||||||||||||| ||geo|| | ||
| 020 | _a9789941031083 | ||
| 040 | _cGE_BSU | ||
| 041 | _ageo | ||
| 080 | _a37.02 +371.3 ე-89 | ||
| 245 |
_aეფექტიანი სწავლება : _b თეორია და პრაქტიკა : [დამხმ. სახელმძღვ.] / _cგამოცდების ეროვნ. ცენტრი, კვლევის დეპარტამენტი; რედ. ია კუტალაძე; [წიგნზე მუშაობდნენ: ნუცა (მაგდა) კობახიძე [და სხვ.]]. |
||
| 264 |
_aთბილისი, _c2010. |
||
| 300 |
_a324 გვ, _bსურ, _c20 სმ.. |
||
| 300 | _bსახელთა საძ.: გვ. 318-321. - ბიბლიოგრ. თავების ბოლოს. | ||
| 541 | _h9ლ.20თ. | ||
| 653 | _aპედაგოგიკა | ||
| 653 | _aსწავლების მეთოდიკა | ||
| 700 |
_aკობახიძე, ნუცა _913574 |
||
| 700 |
_aგაბაშვილი, მარიამ _eავტორი _913575 |
||
| 700 |
_aგორდელაძე, ნინო _eავტორი _925016 |
||
| 700 |
_aკუტალაძე, ია _eრედაქტორი _913573 |
||
| 942 |
_cBK _2udc |
||